How to master the art of listing and selling real estate (Registro nro. 88248)
[ vista simple ]
| 000 -ENCABEZADO | |
|---|---|
| Número de control [NR] | 00767nam a22002177a 4500 |
| 008 - DE LONGITUD FIJA DE DATOS DE ELEMENTOS - INFORMACIÓN GENERAL | |
| Elementos de longitud fija [NR] | 130821s1991 xxua gr eng |
| 020 ## - NUMERO INTERNACIONAL NORMALIZADO PARA LIBROS [R] | |
| Número Internacional Normalizado del libro [NR] | 0134022564 |
| 040 ## - FUENTE DE CATALOGACION [NR] | |
| Agencia de catalogación original [NR] | Co-BoUCM |
| Idioma de catalogación [NR] | spa |
| 041 00 - CODIGO DE IDIOMA [R] | |
| Código de idioma para texto/pista de sonido o título separado [R] | Inglés |
| 100 1# - ASIENTO PRINCIPAL--NOMBRE PERSONAL [NR] | |
| Nombre personal [NR] | Hopkins, Tom. |
| 245 10 - MENCION DE TITULO [NR] | |
| Título [NR] | How to master the art of listing and selling real estate |
| Mención de responsabilidad, etc. [NR] | Tom Hopkins. |
| 260 ## - PUBLICACION, DISTRIBUCION, ETC. (PIE DE IMPRENTA) [R] | |
| Lugar de publicación, distribución, etc. [R] | Englewood Cliffs (Nueva Jersey, Estados Unidos) |
| Nombre del editor, distribuidor, etc. [R] | Prentice Hall |
| Fecha de publicación, distribución, etc. [R] | c1991 |
| 300 ## - DESCRIPCION FISICA [R] | |
| Extensión [R] | xiv, 402 páginas |
| Otros detalles físicos [NR] | ilustraciones |
| 500 ## - NOTA GENERAL [R] | |
| Nota general [NR] | Incluye índice. |
| 650 04 - ASIENTO SECUNDARIO DE MATERIA - TERMINO TEMATICO [R] | |
| Término temático o nombre geográfico como elemento de entrada [NR] | Bienes raíces |
| Subdivisión general [R] | Administración |
| 9 (RLIN) | 10074 |
| 650 04 - ASIENTO SECUNDARIO DE MATERIA - TERMINO TEMATICO [R] | |
| Término temático o nombre geográfico como elemento de entrada [NR] | Desarrollo de bienes raíces |
| 9 (RLIN) | 12936 |
| 650 04 - ASIENTO SECUNDARIO DE MATERIA - TERMINO TEMATICO [R] | |
| Término temático o nombre geográfico como elemento de entrada [NR] | Economía |
| 9 (RLIN) | 174 |
| 650 04 - ASIENTO SECUNDARIO DE MATERIA - TERMINO TEMATICO [R] | |
| Término temático o nombre geográfico como elemento de entrada [NR] | Inversiones en bienes raíces |
| 9 (RLIN) | 17955 |
| 942 ## - ELEMENTOS DE ENTRADA AGREGADOS (KOHA) | |
| Tipo de ítem principal el descrito en 300a | Libro |
| Tema principal | Economía |
| Edición | 1 |
| Parte restante de la signatura top. | H793h |
| Sistema de clasificación | DEWEY |
| Clasificación | 333.330688 |
| Fecha de último préstamo | Total préstamos | Signatura topográfica | Código de barras | Última vez visto | Ejemplar | Price effective from | Tipo de ítem | Perdido | Sistema de clasificación | Dañado | No prestable | Tipo de ítem específico | Suprimido | Ubicación habitual | Ubicación actual | Localización | Fecha de creación | Forma de adquisición | Costo |
|---|---|---|---|---|---|---|---|---|---|---|---|---|---|---|---|---|---|---|---|
| 17/03/2010 | 1 | 333.330688 H793h | 100094647 | 04/12/2025 | Ej.1 | 03/02/2013 | Libro | DEWEY | Libro | Claustro | Claustro | Mezanine | 28/02/2013 | Compra | 62000.00 | ||||
| 02/12/2008 | 333.330688 H793h | 100095137 | 04/12/2025 | Ej.2 | 03/02/2013 | Libro | DEWEY | Libro | Claustro | Claustro | Mezanine | 28/02/2013 | Compra | 62000.00 |